|
|
|
|
| LEADER |
00974nab a2200265 i 4500 |
| 001 |
publ12796 |
| 005 |
20200131160056.0 |
| 008 |
180130s2017 hu o 0|| zxx d |
| 022 |
|
|
|a 0377-9017
|
| 024 |
7 |
|
|a 10.1007/s11005-017-0989-0
|2 doi
|
| 024 |
7 |
|
|a 3297825
|2 mtmt
|
| 040 |
|
|
|a SZTE Publicatio Repozitórium
|b hun
|
| 041 |
|
|
|a zxx
|
| 100 |
1 |
|
|a Chen Hong-Yi
|
| 245 |
1 |
0 |
|a Maps on positive definite operators preserving the quantum ƛ\chi_\alpha^2ƛ-divergence
|h [elektronikus dokumentum] /
|c Chen Hong-Yi
|
| 260 |
|
|
|c 2017
|
| 300 |
|
|
|a 2267-2290
|
| 490 |
0 |
|
|a LETTERS IN MATHEMATICAL PHYSICS
|v 107 No. 12
|
| 700 |
0 |
1 |
|a Gehér György Pál
|e aut
|
| 700 |
0 |
1 |
|a Liu Chih-Neng
|e aut
|
| 700 |
0 |
1 |
|a Molnár Lajos
|e aut
|
| 700 |
0 |
1 |
|a Virosztek Dániel
|e aut
|
| 700 |
0 |
1 |
|a Wong Ngai-Ching
|e aut
|
| 856 |
4 |
0 |
|u http://publicatio.bibl.u-szeged.hu/12796/1/s11005-017-0989-0.pdf
|z Dokumentum-elérés
|
| 856 |
4 |
0 |
|u http://publicatio.bibl.u-szeged.hu/12796/2/chi_square.pdf
|z Dokumentum-elérés
|